La cinesiterapia práctica

Bewaard in:
Bibliografische gegevens
Hoofdauteur: Dolto, Boris J (Auteur)
Formaat: Boek
Taal:Spaans
Gepubliceerd in: Barcelona Paidotribo 1995
Reeks:Colección Fisioterapia y Terapias Manuales
Onderwerpen:
Tags: Voeg label toe
Geen labels, Wees de eerste die dit record labelt!

MARC

LEADER 00000nam a2200000 a 4500
001 UCU9473
003 CL-VaPUC
008 960823e19950000SP |||||||||||||||||spa|d
082 0 4 |a 615.824  |b DOL  |2 21 
100 0 |a Dolto, Boris J  |e author  |9 368620 
245 1 3 |a La cinesiterapia práctica 
300 |a 338 p 
942 |c BK 
945 |d 19960823 00:00:00  |a rleighto 
260 |a Barcelona  |b Paidotribo  |c 1995 
650 7 |a GIMNASIA TERAPEUTICA  |2 CL-VaPUC  |9 308341 
650 0 |a Terapia  |9 334442 
650 7 |a FISIOLOGIA  |2 CL-VaPUC  |9 368621 
650 0 |a Ejercicios   |9 269807 
650 0 |a Salud física  |9 334274 
650 7 |a CINESITERAPIA  |2 CL-VaPUC  |9 368622 
583 |a last modification  |c 19960823 00:00:00  |k Rodrigo Vera 
490 0 |a Colección Fisioterapia y Terapias Manuales 
999 |c 251207  |d 251205 
952 |0 0  |1 0  |4 0  |6 615_824000000000000_DOL_1995  |7 0  |8 A  |9 270224  |a BIBEDU  |b BIBEDU  |d 2019-11-19  |i 3222020  |o 615.824 DOL 1995  |p 3222020  |r 2019-11-19  |w 2019-11-19  |y BK  |k EFI